Využitie motivačných faktorov v podniku LLEMI SLOVAKIA, s.r.o. bakalárska práca

Guardado en:
Detalles Bibliográficos
Autor principal: Foltinová, Štefánia
Autor Corporativo: Podnikovohospodárska fakulta EU so sídlom v Košiciach. Katedra manažmentu
Otros Autores: Bašistová, Alena
Formato: Libro
Lenguaje:eslovaco
Publicado: Košice 2009
Etiquetas: Agregar Etiqueta
Sin Etiquetas, Sea el primero en etiquetar este registro!

MARC

LEADER 00000nam$a2200000$$$4500
001 0106739
005 20240318131216.1
041 0 |a slo 
044 |a SK 
245 1 0 |a Využitie motivačných faktorov v podniku LLEMI SLOVAKIA, s.r.o.  |b bakalárska práca  |c Štefánia Foltinová ; škol. Alena Bašistová 
264 1 |a Košice  |c 2009 
300 |a 64 s. 
100 1 |a Foltinová, Štefánia 
700 1 |a Bašistová, Alena 
710 2 |a Podnikovohospodárska fakulta EU so sídlom v Košiciach. Katedra manažmentu